LIBRARY & INFORMATION CENTRE, KCAET, TAVANUR

ONLINE PUBLIC ACCESS CATALOGUE (OPAC)

Watershed management : Guidelines for Indian conditions / (Record no. 9430)

MARC details
000 -LEADER
fixed length control field 00519cam a2200193ua 4500
020 ## - INTERNATIONAL STANDARD BOOK NUMBER
ISBN 81 85399 34 4
041 ## - LANGUAGE CODE
Language code of text/sound track or separate title eng
082 ## - DEWEY DECIMAL CLASSIFICATION NUMBER
Classification number 628.13
Item number TID/WA
100 ## - MAIN ENTRY--AUTHOR NAME
Personal name Tideman, E M .
245 ## - TITLE STATEMENT
Title Watershed management : Guidelines for Indian conditions /
250 ## - EDITION STATEMENT
Edition statement 1 /
260 ## - PUBLICATION, DISTRIBUTION, ETC. (IMPRINT)
Place of publication Newdelhi :
Name of publisher Omega scientific publishers ,
Year of publication 1996.
300 ## - PHYSICAL DESCRIPTION
Number of Pages 372 ; .
500 ## - GENERAL NOTE
General note Scheme
942 ## - ADDED ENTRY ELEMENTS (KOHA)
Koha item type Books
Holdings
Withdrawn status Lost status Damaged status Home library Current library Shelving location Date acquired Full call number Accession Number Koha item type
      KAUAET KAUAET Scheme 07/04/2012 628.13 TID/WA 19582 Books
free website counter